LEADER 01613nam0 22003613i 450 001 RAV0792636 005 20251003044330.0 100 $a20130827d2001 ||||0itac50 ba 101 | $aita 102 $ait 181 1$6z01$ai $bxxxe 182 1$6z01$an 183 1$6z01$anc$2RDAcarrier 200 1 $aˆL'‰euro e la pensione$el'universo della previdenza con i valori aggiornati dall'arrivo della moneta unica$ele novita, la conversione e gli arrotondamenti$fMarco Peruzzi, Giuseppe Rodà 210 $aMilano$cIl Sole 24 ore$dc2001 215 $a60 p.$d19cm 225 | $a[Collana dedicata all'arrivo dell'euro]$v6 300 $aSuppl. a Il Sole 24 ore 300 $aIn cop.: 6. 410 0$1001LIG0144094$12001 $a[Collana dedicata all'arrivo dell'euro]$v6 676 $a331.252$9PENSIONI$v21 676 $a331.252$9PENSIONI$v23 700 1$aPeruzzi$b, Marco$f <1965- >$3RMGV011761$4070$0756189 701 1$aRodà$b, Giuseppe$3CFIV013500$4070$0305695 801 3$aIT$bIT-000000$c20130827 850 $aIT-BN0095 $aIT-AV0007 901 $bNAP 01$cPOZZO LIB.$nVi sono collocati fondi di economia, periodici di ingegneria e scienze, periodici di economia e statistica e altri fondi comprendenti documenti di economia pervenuti in dono. 901 $bNAP AV$cSEZ. M $nSezione Moderna 912 $aRAV0792636 950 0$aBiblioteca Centralizzata di Ateneo$c1 op.$d 01POZZO LIB.F. CORTI 528$e 01 0000126525E VMA 1 op.$fB $h20230918$i20230927 977 $a 01$a AV 996 $aEuro e la pensione$93558950 997 $aUNISANNIO